000 00483nam a2200193Ia 4500
005 20250923144711.0
008 008 250917s9999 xx 000 0 eng d
037 _aTextual
040 _aDSWL
_beng
_cDSWL
041 _aeng
_2eng
084 _qDSWL
245 0 _aEssays in labour history
_cEd. by Saville Briggs
260 _aLondon
_b Macmillan & Co. Ltd.
_c1960
300 _a364p.
365 _aINR
_b42
925 _g42
942 _cTEXL
999 _c1442231
_d1442231